Who was Helen Keller? / (Record no. 3953)

MARC details
000 -LEADER
fixed length control field 01506cam a22004454a 4500
001 - CONTROL NUMBER
control field 3953
003 - CONTROL NUMBER IDENTIFIER
control field FISKH
005 - DATE AND TIME OF LATEST TRANSACTION
control field 20240527154529.0
008 - FIXED-LENGTH DATA ELEMENTS--GENERAL INFORMATION
fixed length control field 030813s2003 nyua c 000 0beng
010 ## - LIBRARY OF CONGRESS CONTROL NUMBER
LC control number 2003017972
020 ## - INTERNATIONAL STANDARD BOOK NUMBER
International Standard Book Number 0448432854 (GB)
020 ## - INTERNATIONAL STANDARD BOOK NUMBER
International Standard Book Number 2290448431445
020 ## - INTERNATIONAL STANDARD BOOK NUMBER
International Standard Book Number 0448431440 (pbk.)
040 ## - CATALOGING SOURCE
Original cataloging agency DLC
Transcribing agency DLC
Modifying agency DLC
Language of cataloging eng
042 ## - AUTHENTICATION CODE
Authentication code pcc
-- lcac
043 ## - GEOGRAPHIC AREA CODE
Geographic area code n-us---
050 00 - LIBRARY OF CONGRESS CALL NUMBER
Classification number HV1624.K4
Item number T48 2003
082 00 - DEWEY DECIMAL CLASSIFICATION NUMBER
Classification number 362.4/1/092
-- B
Edition number 22
100 1# - MAIN ENTRY--PERSONAL NAME
Personal name Thompson, Gare.
245 10 - TITLE STATEMENT
Title Who was Helen Keller? /
Statement of responsibility, etc. by Gare Thompson ; illustrated by Nancy Harrison.
260 ## - PUBLICATION, DISTRIBUTION, ETC.
Place of publication, distribution, etc. New York :
Name of publisher, distributor, etc. Grosset & Dunlap,
Date of publication, distribution, etc. 2003.
300 ## - PHYSICAL DESCRIPTION
Extent 107 pages :
Other physical details illustrations ;
Dimensions 21 cm
505 ## - FORMATTED CONTENTS NOTE
Formatted contents note N<br/>
520 ## - SUMMARY, ETC.
Summary, etc. A biography of the woman who, with the assistance of her devoted teacher Annie Sullivan, achieved success and fame despite being blind and deaf.
521 8# - TARGET AUDIENCE NOTE
Target audience note 570<br/>
Source Lexile<br/>
521 8# - TARGET AUDIENCE NOTE
Target audience note N<br/>
Source Raz-Plus<br/>
600 10 - SUBJECT ADDED ENTRY--PERSONAL NAME
Personal name Keller, Helen,
Dates associated with a name 1880-1968
Form subdivision Juvenile literature.
600 11 - SUBJECT ADDED ENTRY--PERSONAL NAME
Personal name Keller, Helen,
Dates associated with a name 1880-1968.
600 11 - SUBJECT ADDED ENTRY--PERSONAL NAME
Personal name Sullivan, Annie,
Dates associated with a name 1866-1936.
650 #0 - SUBJECT ADDED ENTRY--TOPICAL TERM
Topical term or geographic name entry element Deafblind women
Geographic subdivision United States
Form subdivision Biography
-- Juvenile literature.
650 #0 - SUBJECT ADDED ENTRY--TOPICAL TERM
Topical term or geographic name entry element Deafblind women
Geographic subdivision United States
General subdivision Education
Form subdivision Juvenile literature.
650 #1 - SUBJECT ADDED ENTRY--TOPICAL TERM
Topical term or geographic name entry element Blind.
650 #1 - SUBJECT ADDED ENTRY--TOPICAL TERM
Topical term or geographic name entry element Deaf.
650 #1 - SUBJECT ADDED ENTRY--TOPICAL TERM
Topical term or geographic name entry element People with disabilities.
650 #1 - SUBJECT ADDED ENTRY--TOPICAL TERM
Topical term or geographic name entry element Women
Form subdivision Biography.
700 1# - ADDED ENTRY--PERSONAL NAME
Personal name Harrison, Nancy,
Dates associated with a name 1963-
906 ## - LOCAL DATA ELEMENT F, LDF (RLIN)
a 7
b cbc
c orignew
d 1
e ecip
f 20
g y-gencatlg
942 ## - ADDED ENTRY ELEMENTS (KOHA)
Source of classification or shelving scheme Dewey Decimal Classification
Koha item type Books
Suppress in OPAC No
Holdings
Withdrawn status Lost status Source of classification or shelving scheme Damaged status Not for loan Collection Home library Current library Shelving location Date acquired Total Checkouts Full call number Barcode Date last seen Price effective from Koha item type
    Dewey Decimal Classification     Non-Fiction Footprints International School Library Network Toul Kork Campus Footprints International School Library Network Toul Kork Campus TK Primary Library Room(4th Floor), Bookcase 3&4, Shelves 17-32, Yellow Books 05/27/2024   THO 362.4 HV1624.K4 FISTKG4A033 05/27/2024 05/27/2024 Books